|
|
|
|
| LEADER |
00000cam a2200000 7i4500 |
| 001 |
0000141164 |
| 005 |
20210913.0 |
| 008 |
210913s2020 my a xb may |
| 020 |
|
|
|a 9789673842001 (set)
|
| 020 |
|
|
|a 9789673842018
|
| 040 |
|
|
|a PERPUSTAM
|b eng
|c PERPUSTAM
|e rda
|
| 090 |
0 |
0 |
|a J 899.231
|b ROS
|
| 100 |
0 |
|
|a Rosnah Din ,
|e author
|
| 245 |
1 |
0 |
|a Pantun .
|n 1
|c Rosnah Din
|
| 264 |
|
1 |
|a Petaling Jaya, Selangor :
|b Tulip Publications
|c [2020?]
|
| 300 |
|
|
|a 48 pages :
|b colour illustrations ;
|c 21 cm.
|
| 336 |
|
|
|a text
|2 rdacontent
|
| 337 |
|
|
|a unmediated
|2 rdamedia
|
| 338 |
|
|
|a volume
|2 rdacarrier
|
| 490 |
1 |
|
|a Koleksi Pantun Masyarakat Malaysia
|
| 650 |
1 |
0 |
|a Pantoums
|
| 650 |
2 |
0 |
|a Malay poetry
|
| 830 |
|
0 |
|a Koleksi pantun masyarakat Malaysia
|
| 999 |
|
|
|a 0000684455
|b Buku
|c Koleksi Pinjaman Kanak-Kanak
|e Perbadanan Perpustakaan Awam Melaka
|
| 999 |
|
|
|a 0000684456
|b Buku
|c Koleksi Pinjaman Kanak-Kanak
|e Perpustakaan Cawangan Jasin
|
| 999 |
|
|
|a 0000684457
|b Buku
|c Koleksi Pinjaman Kanak-Kanak
|e Perpustakaan Cawangan Masjid Tanah
|
| 999 |
|
|
|a 0000684458
|b Buku
|c Koleksi Pinjaman Kanak-Kanak
|e Perpustakaan Cawangan Merlimau
|
| 999 |
|
|
|a 0000684459
|b Buku
|c Koleksi Pinjaman Kanak-Kanak
|e Perbadanan Perpustakaan Awam Melaka
|
| 999 |
|
|
|a 0000684460
|b Buku
|c Koleksi Pinjaman Kanak-Kanak
|e Perbadanan Perpustakaan Awam Melaka
|
| 999 |
|
|
|a 0000684461
|b Buku
|c Koleksi Pinjaman Kanak-Kanak
|e Perpustakaan Komuniti UTC Melaka
|
| 999 |
|
|
|a 0000684462
|b Buku
|c Koleksi Pinjaman Kanak-Kanak
|e Perpustakaan Desa Asahan
|
| 999 |
|
|
|a 0000684463
|b Buku
|c Koleksi Pinjaman Kanak-Kanak
|e PK Aeon Jaya Jusco
|
| 999 |
|
|
|a 0000684464
|b Buku
|c Koleksi Pinjaman Kanak-Kanak
|e Perbadanan Perpustakaan Awam Melaka
|
| 999 |
|
|
|a 0000684465
|b Buku
|c Koleksi Pinjaman Kanak-Kanak
|e Perbadanan Perpustakaan Awam Melaka
|